[Event "Montevideo Trebejos Primavera op"]
[Site "Montevideo"]
[Date "2022.11.07"]
[Round "4"]
[White "Figueredo, Nicolas"]
[Black "Giardello, Santino"]
[Result "1/2-1/2"]
[WhiteElo "1818"]
[BlackElo "1404"]
[PlyCount "48"]
[EventDate "2022.10.17"]
[EventType "swiss"]
[EventRounds "6"]
[EventCountry "URU"]
[SourceTitle "EXT 2024"]
[Source "ChessBase"]
[SourceDate "2023.10.10"]
[SourceVersion "1"]
[SourceVersionDate "2023.10.10"]
[SourceQuality "1"]

1. e4 e6 2. d4 d5 3. e5 c5 4. Nf3 Nc6 5. c3 Qb6 6. Na3 a6 7. Nc2 Nge7 8. Be2 Nf5 9. 0-0 Be7 10. Rb1 0-0 11. Be3 Qa7 12. dxc5 Nxe3 13. fxe3 Bxc5 14. Ncd4 Qb8 15. b4 Bb6 16. b5 Nxe5 17. bxa6 Nxf3+ 18. Rxf3 Bxd4 19. cxd4 Qc7 20. axb7 Bxb7 21. Qd2 Ba6 22. Rf2 Bxe2 23. Rxe2 Rfc8 24. Rb2 g6 1/2-1/2

[Event "Montevideo Trebejos Primavera op"]
[Site "Montevideo"]
[Date "2022.10.24"]
[Round "2"]
[White "Giardello, Santino"]
[Black "Moreno, Nelson"]
[Result "1/2-1/2"]
[WhiteElo "1404"]
[BlackElo "1584"]
[PlyCount "29"]
[EventDate "2022.10.17"]
[EventType "swiss"]
[EventRounds "6"]
[EventCountry "URU"]
[SourceTitle "EXT 2024"]
[Source "ChessBase"]
[SourceDate "2023.10.10"]
[SourceVersion "1"]
[SourceVersionDate "2023.10.10"]
[SourceQuality "1"]

1. d4 Nf6 2. Bf4 d5 3. e3 e6 4. Nf3 Bd6 5. Bg3 0-0 6. Bd3 c5 7. c3 Qc7 8. Nbd2 Nbd7 9. Qe2 e5 10. dxe5 Nxe5 11. Bxe5 Bxe5 12. Nxe5 Qxe5 13. Nf3 Qh5 14. 0-0 Bg4 15. h3 1/2-1/2

[Event "Montevideo U1700 op"]
[Site "Montevideo"]
[Date "2022.10.02"]
[Round "4"]
[White "Pedrido, Juan"]
[Black "Giardello, Santino"]
[Result "0-1"]
[WhiteElo "1124"]
[BlackElo "1404"]
[PlyCount "118"]
[EventDate "2022.10.01"]
[EventType "swiss"]
[EventRounds "5"]
[EventCountry "URU"]
[SourceTitle "EXT 2023"]
[Source "ChessBase"]
[SourceDate "2022.10.05"]
[SourceVersion "1"]
[SourceVersionDate "2022.10.05"]
[SourceQuality "1"]

1. d4 d5 2. c4 c6 3. Nc3 Nf6 4. Bf4 dxc4 5. e3 Bf5 6. Bxc4 e6 7. Nf3 Nbd7 8. 0-0 Be7 9. Re1 h6 10. e4 Bh7 11. h3 0-0 12. e5 Nd5 13. Bh2 a6 14. a3 b5 15. Bb3 N7b6 16. Rc1 Rc8 17. Ne4 Bxe4 18. Rxe4 c5 19. Qd2 cxd4 20. Rxc8 Qxc8 21. Qxd4 Qd8 22. Rg4 g6 23. Bf4 h5 24. Rg3 Nxf4 25. Qxf4 Re8 26. Qh6 Bf8 27. Qf4 Re7 28. Ng5 Bh6 29. Qf6 Nd7 30. Qf3 Nxe5 31. Qf6 Nd7 32. Qf3 Qf8 33. Ne4 Bg7 34. Qf4 Be5 35. Nf6+ Bxf6 36. Rf3 Kg7 37. g4 hxg4 38. hxg4 Be5 39. Qe3 Bxb2 40. Rh3 f6 41. Bxe6 g5 42. Qe4 f5 43. gxf5 Nf6 44. Qe3 Nh7 45. Qd2 Bf6 46. f4 gxf4 47. Qxf4 Bg5 48. Qg4 Qf6 49. Kg2 Kf8 50. Qh5 Rg7 51. Kf1 Qa1+ 52. Ke2 Qe5+ 53. Kd1 Qd4+ 54. Ke1 Qd2+ 55. Kf1 Qf4+ 56. Ke1 Qd2+ 57. Kf1 Be3 58. Rxe3 Qxe3 59. Qh2 Qc1+ 0-1

[Event "South America-ch U10 16th"]
[Site "Buenos Aires"]
[Date "2019.12.01"]
[Round "1.4"]
[White "Diaz Bermudez, Pedro Teofilo"]
[Black "Giardello, Santino"]
[Result "1/2-1/2"]
[WhiteElo "1156"]
[BlackElo "1482"]
[PlyCount "24"]
[EventDate "2019.12.01"]
[EventType "swiss"]
[EventRounds "9"]
[EventCountry "ARG"]
[SourceTitle "EXT 2024"]
[Source "ChessBase"]
[SourceDate "2023.10.10"]
[SourceVersion "1"]
[SourceVersionDate "2023.10.10"]
[SourceQuality "1"]

1. d4 Nf6 2. c4 g6 3. Nc3 Bg7 4. Bf4 d6 5. e4 b6 6. f3 Bb7 7. Bd3 Na6 8. c5 dxc5 9. Qa4+ Qd7 10. Bb5 c6 11. Bxa6 Bxa6 12. Qxa6 Qxd4 1/2-1/2